The Umbrellas of Cherbourg = Les parapluies de Cherbourg /

Antología formada por los seis largometrajes más relevantes dirigidos por el francés Jacques Demy (1931-90), reunidos en una presentación dual en seis volúmenes en formato blu-ray y siete entregas en formato DVD. The Umbrellas of Cherbourg [titulada en México como Los paraguas de Cherburgo] (1964),...

Whakaahuatanga katoa

I tiakina i:
Ngā taipitopito rārangi puna kōrero
Kaituhi matua: Demy, Jacques (realización)
Ētahi atu kaituhi: Demy, Jacques (guión) (guión), Rabier, Jean (fotógrafo) (fotógrafo), Moreau, Jacqueline (vestuario) (vestuario), Cotret, Anne-Marie (montaje) (montaje), Teisseire, Monique (montaje) (montaje), Legrand, Michel (música) (música), Deneuve, Catherine (actuación) (actuación), Castelnuovo, Nino (actuación) (actuación), Vernon, Anne (actuación) (actuación)
Hōputu: Reti
Reo:Wīwī
I whakaputaina: París, Francia : Munich, Alemania : Parc Film : Madeleine Films ; Beta Film, 1964
Putanga:Edición en doble formato blu-ray/DVD
Rangatū:(Criterion Collection ; DVD) 716.
(Criterion Collection ; DVD) 713/3.
Ngā marau:
Ngā Tūtohu: Tāpirihia he Tūtohu
Kāore He Tūtohu, Me noho koe te mea tuatahi ki te tūtohu i tēnei pūkete!

MARC

LEADER 00000ngm^a2200000^a^4500
001 000405453
005 20250521000000.0
009 20260310121832.749
020 |a 978-1-60465-862-0 
020 |a 978-1-60465-859-0 
037 |a Acervo ITESO - Biblioteca 
041 |a FRA 
082 |a 808. 8  |b CRI V. 716 DVD 
100 |a Demy, Jacques  |e (realización) 
240 1 5 |a [The Essential Jacques Demy] 
240 1 5 |a [Los paraguas de Cherburgo] 
245 1 4 |a The Umbrellas of Cherbourg =  |b Les parapluies de Cherbourg /  |c Realización de J. Demy. 
246 2 |a Título en México: Los paraguas de Cherburgo 
250 |a Edición en doble formato blu-ray/DVD 
264 1 |a París, Francia :  |b Parc Film :  |b Madeleine Films ;  |a Munich, Alemania :  |b Beta Film,  |c 1964 
264 2 |a Nueva York, EUA :  |b Criterion Collection [distribución],  |c 2014, c2014 
300 |a 1 DVD región 1 (92 min.) :  |b color 
336 |a imagen móvil bidimensional  |b tdi  |2 rdacontenido 
337 |a video  |b v  |2 rdamedio 
338 |a videodisco  |b vd  |2 rdasoporte 
440 1 |a (Criterion Collection ;  |v 716.  |p DVD) 
440 1 |a (Criterion Collection ;  |v 713/3.  |p DVD) 
520 |a Antología formada por los seis largometrajes más relevantes dirigidos por el francés Jacques Demy (1931-90), reunidos en una presentación dual en seis volúmenes en formato blu-ray y siete entregas en formato DVD. The Umbrellas of Cherbourg [titulada en México como Los paraguas de Cherburgo] (1964), tercer largometraje dirigido por el cineasta, tiene como punto de partida el encuentro entre una hermosa adolescente, hija de la dueña de una tienda de sombrillas, y su primer amor, un apuesto mecánico, en 1957 en Cherburgo, pequeña localidad de la costa atlántica norte de Francia. Cuando el joven es enviado un año después a cumplir el servicio militar en Argelia, su sencilla felicidad se trastoca y la incipiente pareja debe crecer rápidamente. Un melodrama musical melancólico, desarrollado a través de una sucesión de encuentros casuales, que transcurren totalmente cantados con la música de Michel Legrand y en medio de los exquisitos diseños del decorador Bernard Evein (1929-2006), dos colaboradores centrales del universo de Jacques Demy. Supone también una de las contadas películas francesas de inicios de la década de 1960 con una referencia directa –y una condena indirecta- a la Guerra de Independencia argelina (1954-62). El título consagratorio de su autor, galardonado con el máximo premio en el Festival de Cannes (1964), lanzó al estrellato a Catherine Deneuve, una aparición angelical de veinte años, en la primera de sus cuatro colaboraciones con Demy. Permanece como una de las películas musicales más queridas y a la vez poco ortodoxas de toda la historia, cuya influencia se ha extendido a títulos como La La Land: una historia de amor (Damien Chazelle, 2016). Esta antología prosigue con The Young Girls of Rochefort [titulada en México como Las señoritas de Rochefort] (1967), cuarto largometraje dirigido por Demy y otro de sus títulos mayores, nuevamente con el concurso de Legrand, Evein y Deneuve. 
520 |a Suplementos y características especiales: 1) Once Upon a Time… The Umbrellas of Cherbourg [Erase una vez… Los paraguas de Cherburgo] (2008), mediometraje documental sobre la película, perteneciente a la serie televisiva francesa Il était une fois… [Había una vez]; 2) Entrevista con el académico Rodney Hill (2014), quien luego editó un número de la revista Post Script (invierno-primavera de 2016), dedicado al cineasta francés; 3) Entrevista con Jacques Demy y Michel Legrand sobre Los paraguas de Cherburgo, transmitida por la televisión francesa (1964); 4-5) Grabaciones de audio de entrevistas con Catherine Deneuve (1983) y Legrand (1991), recogidas en el National Film Theatre, en Londres; 6) Demostración del proceso de restauración de Los paraguas de Cherburgo; 7) Avance de la película y 8) Ensayo del crítico Jim Ridley. 
530 |a Existe una edición en formato audiovisual en blu-ray con el mismo título 
546 |a En francés, con subtítulos opcionales: inglés 
586 |a Festival Internacional de Cine de Cannes (17°: 1964): Premio a la Mejor Película (Gran Premio) 
586 |a Premio Louis-Delluc 1963 
586 |a Premio Globo de Oro, de la Asociación de la Prensa Extranjera de Hollywood (23°: 1965): Mejor Película Extranjera en Lengua No Inglesa (finalista) 
586 |a Premio Oscar, de la Academia Norteamericana de Cine (37°: 1964): Mejor Película en Lengua No Inglesa (finalista, representante de Francia) 
649 |a XX 
650 |a Cineastas Franceses -  |x Entrevistas 
650 |a Músicos Franceses -  |x Entrevistas 
650 |a Actores Franceses -  |x Entrevistas 
650 |a Académicos -  |x Entrevistas 
650 |a Mujeres Francesas -  |x Entrevistas 
650 |a Películas Musicales 
650 |a Melodramas 
650 |a Dramas Cinematográficos 
650 |a Música y Medios Audiovisuales -  |z Francia -  |x Historia y Crítica 
650 |a Cine Francés -  |y 1960-1969 
650 |a Cine Francés -  |y Siglo XX 
650 |a Cine Francés -  |x Historia y Crítica 
650 |a Televisión -  |z Francia -  |y 1960-1969 
650 |a Televisión -  |z Francia -  |y Siglo XX 
650 |a Amor 
650 |a Relaciones de Pareja 
650 |a Relaciones Intergénero 
650 |a Memoria y Olvido 
650 |a Cherburgo, Francia en el Cine 
650 |a Demy, Jacques 
650 |a Deneuve, Catherine 
650 |a Legrand, Michel 
650 |a Hill, Rodney 
700 |a Demy, Jacques  |e (guión) 
700 |a Rabier, Jean  |e (fotógrafo) 
700 |a Moreau, Jacqueline  |e (vestuario) 
700 |a Cotret, Anne-Marie  |e (montaje) 
700 |a Teisseire, Monique  |e (montaje) 
700 |a Legrand, Michel  |e (música) 
700 |a Deneuve, Catherine  |e (actuación) 
700 |a Castelnuovo, Nino  |e (actuación) 
700 |a Vernon, Anne  |e (actuación) 
910 |a Fondo General 
920 |a Audiovisuales - DVDs 
940 |a Películas 
905 |a 308 
901 |a DVD0009314  |b IT2  |c DVR  |i C155206  |u 20250521 
902 |a https://opac.biblio.iteso.mx/vufind/Record/000405453